Normal view
MARC view
Entry Personal Name
001 - CONTROL NUMBER
- control field: 27257
003 - CONTROL NUMBER IDENTIFIER
- control field: ARRUPE
005 - DATE AND TIME OF LATEST TRANSACTION
- control field: 20161103111938.0
008 - FIXED-LENGTH DATA ELEMENTS
- fixed length control field: 161103|| aca||aabn | a|a d
040 ## - CATALOGING SOURCE
- Original cataloging agency: ARRUPE
- Transcribing agency: ARRUPE
100 ## - HEADING--PERSONAL NAME
- Personal name: O'Shaughnessy, Thomas J.
670 ## - SOURCE DATA FOUND
- Source citation: Work cat.: (ARRUPE)0: O'Shaughnessy, Thomas J., Muhammad's thoughts on death., 1969.